| 000 | 00432nam a2200181Ia 4500 | ||
|---|---|---|---|
| 008 | 180523s9999 xx 000 0 und d | ||
| 020 | _a81-7224-103-8 | ||
| 050 | _aMAIN HF 5549.12 | ||
| 050 | _b.A33 2004 | ||
| 100 | _aAdair, John. | ||
| 245 | 4 | _aThe Effective supervisor / | |
| 245 | 0 | _cJohn Adair. | |
| 260 | _aNew Delhi : | ||
| 260 | _bJaico Publishing, | ||
| 260 | _c2004 | ||
| 300 | _a136 pages : | ||
| 300 | _c22 cm. | ||
| 999 |
_c357156 _d357156 |
||